A vállalati kultúra vizsgálata- mint sikertényező- a startupok világában

Bibliographic Details
Main Author: Szekeres Nikoletta
Other Authors: Kasza Lajos
Format: Thesis
Kulcsszavak:Vállalati kultúra
Startup
Dolgozói motiváció
Online Access:http://dolgozattar.uni-bge.hu/15520

MARC

LEADER 00000nta a2200000 i 4500
001 dolg15520
005 20200709134918.0
008 180504suuuu hu om 000 hun d
040 |a BGE Dolgozattár Repozitórium  |b hun 
041 |a hu 
100 1 |a Szekeres Nikoletta 
245 1 2 |a A vállalati kultúra vizsgálata- mint sikertényező- a startupok világában  |c Szekeres Nikoletta  |h [elektronikus dokumentum] 
246 1 1 |a A vállalati kultúra vizsgálata- mint sikertényező- a startupok világában 
695 |a Vállalati kultúra 
695 |a Startup  
695 |a Dolgozói motiváció 
700 1 |a Kasza Lajos  |e ths 
856 4 0 |u http://dolgozattar.uni-bge.hu/15520/1/Szekeres%20Nikoletta%20szakdolgozat.pdf  |z Dokumentum-elérés